| 000 | 00844nam a2200277 a 4500 | ||
|---|---|---|---|
| 008 | |||
| 020 | _a0419187405 (hbk.) | ||
| 049 | _aMAIN | ||
| 090 | _aTA683.5.S6HIL | ||
| 100 | 1 | _aHillerborg, Arne. | |
| 245 | 1 | 0 |
_aStrip method design handbook / _cA. Hillerborg. |
| 250 | _a1st ed. | ||
| 260 |
_aLondon : _bE & FN Spon, _cc1996. |
||
| 300 |
_axvii, 302 p. : _bill. ; _c24 cm. |
||
| 504 | _aIncludes bibliographical references p. 293 | ||
| 500 | _aIncludes index. | ||
| 650 | 0 | _aConcrete slabs. | |
| 650 | 0 | _aReinforced concrete construction. | |
| 650 | 7 |
_aTeoria das placas e das cascas _2larpcal |
|
| 650 | 7 |
_aEngenharia civil (estruturas) _2larpcal |
|
| 907 |
_a.b10071659 _b24-08-05 _c17-04-03 |
||
| 003 | |||
| 005 | 20230123134049.0 | ||
| 040 | _cNUST | ||
| 942 |
_cBOOKS _kTA683.5.S6HIL |
||
| 999 |
_c159378 _d159378 |
||